So much! / (Record no. 50164)
| 000 -LEADER | |
|---|---|
| fixed length control field | 00291nam a2200109 4500 |
| 020 ## - INTERNATIONAL STANDARD BOOK NUMBER | |
| International Standard Book Number | 9780763640910 |
| 100 ## - MAIN ENTRY--PERSONAL NAME | |
| Personal name | Cooke, Trish |
| 9 (RLIN) | 87200 |
| 245 ## - TITLE STATEMENT | |
| Title | So much! / |
| Statement of responsibility, etc | Trish Cooke & Helen Oxenbury |
| 260 ## - PUBLICATION, DISTRIBUTION, ETC. (IMPRINT) | |
| Place of publication, distribution, etc | US |
| Name of publisher, distributor, etc | Candlewick Press |
| Date of publication, distribution, etc | 2008 |
| 300 ## - PHYSICAL DESCRIPTION | |
| Extent | unpaged. |
| Other physical details | col. ill. |
| Dimensions | 30 cm. |
| 942 ## - ADDED ENTRY ELEMENTS (KOHA) | |
| Source of classification or shelving scheme | |
| Koha item type | Book |
| Withdrawn status | Lost status | Source of classification or shelving scheme | Damaged status | Not for loan | Collection code | Home library | Current library | Shelving location | Date acquired | Total Checkouts | Full call number | Barcode | Date last seen | Price effective from | Koha item type |
|---|---|---|---|---|---|---|---|---|---|---|---|---|---|---|---|
| TEACHERS' RESOURCES | Asian Hope Early Years Library | Asian Hope Early Years Library | Easy Reading | 02/06/2026 | E COO | 209988 | 02/06/2026 | 02/06/2026 | Book |